000 01935nam a22003497a 4500
001 BRCA_9241
003 FranzMayer
005 20221005170201.0
008 221005b |||||||| |||| 00| 0 eng d
020 _a9786079862787
040 _bspa
_cMFM
041 1 _aspa
_aeng
050 _aF1218.5
_b.M49 2021
245 0 3 _aEl México antiguo :
_bColección del Museo Amparo
264 1 _aCiudad de México :
_bFundación Amparo, I. A. P.
_c2021
300 _a373 pp :
_bil. fot. ;
_c22.5 x 30 cm.
504 _aIncluye referencias bibliográficas
505 _tActualizar el pasado, comprender el presente, construir el futuro /
_rLucia I. Alonso Espinosa, Ángeles Alonso Espinosa, Ramiro Martínez Estrada
505 _tEl Museo Amparo: nacimiento y tiempo presente /
_rAna Garduño Ortega
505 _tEl arte de la antigüedad indígena en la modernidad el siglo XX /
_rItzel Rodríguez Mortellaro
505 _tEl Museo Amparo, la Civilización del México antiguo y sus obras /
_rPablo Escalante Gonzalbo
505 _tAcervo fundacional
505 _tLista de ilustraciones
505 _tVersión en ingles = English edition.
520 _aEl presente catálogo da cuenta de las culturas y procesos históricos que tuvieron lugar en el territorio que hoy ocupa México, antes de la conquista española en el siglo XVI. La Colección del Museo Amparo corresponde exclusivamente a la mitad sur de México y sus costas. La edición incluye textos y fotografías a color a toda página de las piezas más reconocidas de la Colección de Arte Prehispánico del museo.
546 _aTexto en español, con una versión en inglés (pp. 338-374)
610 2 0 _aMuseo Amparo (Puebla, Mexico)
_vCatálogos
_928593
650 0 _aArte indígena
_zMéxico
_vCatálogos
_928594
650 0 _aIndígenas de México
_xAntigüedades
_vCatálogos
_928595
651 0 _aMéxico
_xAntigüedades
_vCatálogos
_928596
942 _2lcc
_cB
999 _c10860
_d10860